[Event "Oberliga Ost A 2017 2018"]
[Site "Germany"]
[Date "2017.12.10"]
[Round "4.3"]
[White "Weitzer, Steffen"]
[Black "Rudolf, Sebastian"]
[Result "0-1"]
[WhiteElo "2236"]
[BlackElo "2270"]
[PlyCount "78"]
[EventDate "2017.10.22"]
[EventType "team-tourn"]
[EventCountry "GER"]
[WhiteTeam "Leipzig SG II"]
[BlackTeam "Dresden SG Gruen Weiss"]
[WhiteTeamCountry "GER"]
[BlackTeamCountry "GER"]

1. d4 Nf6 2. Nf3 c5 3. e3 cxd4 4. exd4 d5 5. c3 Nc6 6. Bf4 Bg4 7. Nbd2 e6 8.
Qb3 Qc8 9. h3 Bh5 10. Bd3 Be7 11. O-O O-O 12. Rfe1 a6 13. a4 Bg6 14. Bxg6 hxg6
15. Re3 Na5 16. Qc2 b5 17. Ne5 Nc4 18. Ndxc4 bxc4 19. Bg5 Rb8 20. Rae1 Bd8 21.
h4 Qb7 22. R1e2 Nd7 23. Bxd8 Nxe5 24. Rxe5 Rfxd8 25. h5 gxh5 26. Rxh5 g6 27.
Rh3 Kg7 28. Rg3 Qe7 29. Qc1 Rh8 30. Qf4 Rb7 31. Qe3 Rh5 32. f4 Rb8 33. Rg5 Rbh8
34. Qg3 Rh1+ 35. Kf2 Qf6 36. Qe3 R8h4 37. Kg3 Rf1 38. Kxh4 Rxf4+ 39. Qxf4 Qxf4+
0-1

[Event "Oberliga Ost A 2017 2018"]
[Site "Germany"]
[Date "2017.12.10"]
[Round "4.4"]
[White "Gehmlich, Marcel"]
[Black "Heistermann, Till"]
[Result "1/2-1/2"]
[WhiteElo "2187"]
[BlackElo "2155"]
[PlyCount "61"]
[EventDate "2017.10.22"]
[EventType "team-tourn"]
[EventCountry "GER"]
[WhiteTeam "Dresden SG Gruen Weiss"]
[BlackTeam "Leipzig SG II"]
[WhiteTeamCountry "GER"]
[BlackTeamCountry "GER"]

1. c4 c5 2. Nc3 g6 3. g3 Bg7 4. Bg2 Nc6 5. e3 d6 6. Nge2 Nf6 7. d4 cxd4 8. Nxd4
Bd7 9. b3 O-O 10. Bb2 a6 11. O-O Rb8 12. Rc1 Nxd4 13. Qxd4 Bc6 14. Nd5 Bxd5 15.
Bxd5 Nh5 16. Qd2 Bxb2 17. Qxb2 Nf6 18. Rfd1 Qc7 19. b4 b6 20. Qa3 Qa7 21. c5
dxc5 22. bxc5 Rfd8 23. cxb6 Qxb6 24. Bf3 Rxd1+ 25. Rxd1 Qa7 26. Kg2 a5 27. Rd4
Kg7 28. Qc3 Qb6 29. Ra4 Qb1 30. Qe5 Rb2 31. Rf4 1/2-1/2

[Event "Oberliga Ost A 2017 2018"]
[Site "Germany"]
[Date "2017.12.10"]
[Round "4.5"]
[White "Pietzsch, Manuel"]
[Black "Wappler, Markus"]
[Result "1/2-1/2"]
[WhiteElo "2109"]
[BlackElo "2204"]
[PlyCount "71"]
[EventDate "2017.10.22"]
[EventType "team-tourn"]
[EventCountry "GER"]
[WhiteTeam "Leipzig SG II"]
[BlackTeam "Dresden SG Gruen Weiss"]
[WhiteTeamCountry "GER"]
[BlackTeamCountry "GER"]

1. e4 e6 2. d4 d5 3. Nc3 Nc6 4. e5 Nge7 5. Nf3 Nf5 6. g4 Nh4 7. Be3 Nxf3+ 8.
Qxf3 Bb4 9. Bd3 Qe7 10. a3 Bxc3+ 11. bxc3 Bd7 12. h4 h6 13. Kd2 O-O-O 14. Qe2
Na5 15. g5 hxg5 16. Bxg5 f6 17. Bf4 c5 18. Qe3 Bc6 19. Rhe1 cxd4 20. cxd4 Nc4+
21. Bxc4 dxc4 22. exf6 Qxf6 23. Qxe6+ Qxe6 24. Rxe6 Rxd4+ 25. Ke3 Rd7 26. Rg1
Rf8 27. Rg3 Rdf7 28. Be5 Rxf2 29. Bxg7 R8f3+ 30. Rxf3 Rxf3+ 31. Kd2 Rxa3 32.
Bc3 Bd7 33. Rf6 Ra6 34. Rxa6 bxa6 35. Ke3 Bf5 36. Kd4 1/2-1/2

[Event "Oberliga Ost A 2017 2018"]
[Site "Germany"]
[Date "2017.12.10"]
[Round "4.6"]
[White "Schnoor, Ekkehard"]
[Black "Liedtke, Matthias"]
[Result "1/2-1/2"]
[WhiteElo "2173"]
[BlackElo "2265"]
[PlyCount "145"]
[EventDate "2017.10.22"]
[EventType "team-tourn"]
[EventCountry "GER"]
[WhiteTeam "Dresden SG Gruen Weiss"]
[BlackTeam "Leipzig SG II"]
[WhiteTeamCountry "GER"]
[BlackTeamCountry "GER"]

1. Nf3 Nf6 2. g3 g6 3. Bg2 Bg7 4. O-O O-O 5. d3 d6 6. e4 c5 7. c3 Nc6 8. Re1
Rb8 9. d4 Bg4 10. h3 Bxf3 11. Bxf3 cxd4 12. cxd4 e5 13. d5 Nd4 14. Bg2 Rc8 15.
Nc3 Qb6 16. Rb1 Rxc3 17. bxc3 Qxb1 18. cxd4 Qxa2 19. dxe5 dxe5 20. Be3 Rc8 21.
Re2 Qa5 22. Qb1 Qc7 23. Bxa7 Ne8 24. Bb6 Qc4 25. Bf1 Qc1 26. Qxc1 Rxc1 27. Ra2
Nd6 28. Ra4 f5 29. exf5 gxf5 30. Kg2 Kf7 31. Be2 Bh6 32. Bh5+ Ke7 33. Ra8 Nc8
34. Ba5 Kd6 35. Bf7 Rc4 36. Be6 b6 37. Be1 Ne7 38. Rd8+ Kc5 39. d6 Nc6 40. Rc8
Rd4 41. d7 Bg5 42. f4 exf4 43. Bf2 f3+ 44. Kxf3 Kb5 45. Bxf5 Rd5 46. Rxc6 Kxc6
47. Be4 Bd8 48. Kg4 Kd6 49. Bxd5 Kxd5 50. Kh5 b5 51. Be1 Kc4 52. Kh6 b4 53.
Bxb4 Kxb4 54. Kxh7 Kc5 55. h4 Kd6 56. Kg6 Kxd7 57. Kf7 Be7 58. h5 Bg5 59. g4
Bd2 60. Kf6 Ke8 61. Kg7 Bc3+ 62. Kg8 Bd2 63. Kg7 Bc3+ 64. Kg6 Kf8 65. Kh7 Bd2
66. Kg6 Kg8 67. g5 Bxg5 68. Kxg5 Kg7 69. h6+ Kh7 70. Kh5 Kh8 71. Kg6 Kg8 72.
h7+ Kh8 73. Kh6 1/2-1/2

[Event "Oberliga Ost A 2017 2018"]
[Site "Germany"]
[Date "2017.12.10"]
[Round "4.7"]
[White "Roemling, Sven"]
[Black "Zimmermann, Rene"]
[Result "0-1"]
[WhiteElo "2154"]
[BlackElo "2173"]
[PlyCount "64"]
[EventDate "2017.10.22"]
[EventType "team-tourn"]
[EventCountry "GER"]
[WhiteTeam "Leipzig SG II"]
[BlackTeam "Dresden SG Gruen Weiss"]
[WhiteTeamCountry "GER"]
[BlackTeamCountry "GER"]

1. Nf3 Nf6 2. g3 b5 3. Bg2 Bb7 4. O-O e6 5. d3 Be7 6. e4 d6 7. Nc3 b4 8. Nb1
Nbd7 9. Nbd2 O-O 10. Re1 a5 11. a3 Nb6 12. Nf1 c5 13. h3 c4 14. Bd2 d5 15. e5
Nfd7 16. d4 bxa3 17. bxa3 c3 18. Bc1 Nc4 19. h4 Ba6 20. Ng5 Qb6 21. Bh3 h6 22.
Qh5 hxg5 23. hxg5 g6 24. Qh6 Qxd4 25. Bxe6 Ndxe5 26. Be3 Nf3+ 27. Kh1 Qe4 28.
Re2 fxe6 29. Bd4 Qxd4 30. Qxg6+ Qg7 31. Qxe6+ Qf7 32. Qg4 Nce5 0-1

[Event "Oberliga Ost A 2017 2018"]
[Site "Germany"]
[Date "2017.12.10"]
[Round "4.8"]
[White "Hutsch, Oliver"]
[Black "Limpert, Michael"]
[Result "1/2-1/2"]
[WhiteElo "2161"]
[BlackElo "2185"]
[PlyCount "63"]
[EventDate "2017.10.22"]
[EventType "team-tourn"]
[EventCountry "GER"]
[WhiteTeam "Dresden SG Gruen Weiss"]
[BlackTeam "Leipzig SG II"]
[WhiteTeamCountry "GER"]
[BlackTeamCountry "GER"]

1. d4 d5 2. Nf3 e6 3. g3 Nf6 4. Bg2 Be7 5. O-O O-O 6. c4 c6 7. Nc3 b6 8. Ne5
Bb7 9. Qa4 a6 10. Rd1 b5 11. Qb3 Qc7 12. cxd5 cxd5 13. Bf4 Nh5 14. Be3 Nc6 15.
Nxc6 Bxc6 16. Rac1 Qb7 17. Bf3 Nf6 18. Bf4 Rfc8 19. Bg5 a5 20. Nb1 b4 21. Qe3
h6 22. Bf4 Ne8 23. g4 Nd6 24. Bxd6 Bxd6 25. g5 Qb8 26. g6 Bf4 27. gxf7+ Kxf7
28. Bh5+ Ke7 29. Qf3 Rf8 30. Qg4 Bxc1 31. Qxg7+ Kd6 32. Qe5+ 1/2-1/2

[Event "Oberliga Ost A 2017 2018"]
[Site "Germany"]
[Date "2017.12.10"]
[Round "4.1"]
[White "Puls, Thomas"]
[Black "Schaller, Sven"]
[Result "0-1"]
[WhiteElo "2220"]
[BlackElo "2270"]
[PlyCount "58"]
[EventDate "2017.10.22"]
[EventType "team-tourn"]
[EventCountry "GER"]
[WhiteTeam "Halle USV"]
[BlackTeam "Plauen SK Koenig"]
[WhiteTeamCountry "GER"]
[BlackTeamCountry "GER"]

1. e4 c6 2. d4 d5 3. Nd2 dxe4 4. Nxe4 Bf5 5. Ng3 Bg6 6. Nf3 Nd7 7. h4 h6 8. h5
Bh7 9. Bd3 Bxd3 10. Qxd3 e6 11. Bd2 Ngf6 12. O-O-O Qc7 13. Ne4 Nxe4 14. Qxe4
O-O-O 15. Kb1 Be7 16. c4 c5 17. Bc3 Bf6 18. Qe3 cxd4 19. Bxd4 a6 20. g4 e5 21.
Bc3 e4 22. Nd2 Bxc3 23. Qxc3 Nf6 24. c5 Rd3 25. Qc2 Rhd8 26. Nc4 Nxg4 27. Nd6+
R8xd6 28. cxd6 Qxc2+ 29. Kxc2 Nxf2 0-1

[Event "Oberliga Ost A 2017 2018"]
[Site "Germany"]
[Date "2017.12.10"]
[Round "4.2"]
[White "Sandner, Gunter"]
[Black "Hoepfl, Thomas"]
[Result "1/2-1/2"]
[WhiteElo "2255"]
[BlackElo "2276"]
[PlyCount "122"]
[EventDate "2017.10.22"]
[EventType "team-tourn"]
[EventCountry "GER"]
[WhiteTeam "Plauen SK Koenig"]
[BlackTeam "Halle USV"]
[WhiteTeamCountry "GER"]
[BlackTeamCountry "GER"]

1. Nf3 Nf6 2. d4 g6 3. g3 Bg7 4. Bg2 O-O 5. O-O d6 6. c4 Nbd7 7. Nc3 e5 8. h3
c6 9. Qc2 Re8 10. Be3 exd4 11. Bxd4 Ne5 12. Nxe5 dxe5 13. Bc5 Be6 14. b3 Nd7
15. Bd6 f5 16. Rac1 Qf6 17. c5 e4 18. Kh2 Ne5 19. f3 exf3 20. exf3 Nf7 21. Bf4
Rad8 22. Rfe1 g5 23. Be3 Ne5 24. Rcd1 Ng6 25. Ne2 Bf7 26. Qc1 Rxd1 27. Rxd1 f4
28. Bd4 Qe7 29. Bxg7 Kxg7 30. Qc3+ Kg8 31. Rd2 Bd5 32. Qd4 Qg7 33. Qxg7+ Kxg7
34. Nc3 fxg3+ 35. Kxg3 Nf4 36. Nxd5 Nxd5 37. h4 h6 38. hxg5 hxg5 39. Bf1 Re5
40. Bc4 Nf6 41. b4 Re4 42. Rc2 Rh4 43. Rc3 Nh5+ 44. Kf2 Rh2+ 45. Ke3 Nf4 46.
Ke4 Kf6 47. a3 Rh4 48. Ke3 Ke5 49. Rc1 Rh2 50. Rg1 Kf5 51. Rd1 Rc2 52. Bd3+
Nxd3 53. Rxd3 Ra2 54. Rb3 Ke5 55. Rc3 Kd5 56. Rd3+ Ke5 57. Rc3 a5 58. bxa5 Rb2
59. Rd3 Rb5 60. Rd7 Rxa5 61. Re7+ Kf5 1/2-1/2

[Event "Oberliga Ost A 2017 2018"]
[Site "Germany"]
[Date "2017.12.10"]
[Round "4.3"]
[White "Becker, Michael"]
[Black "Kunze, Carlo"]
[Result "1/2-1/2"]
[WhiteElo "2286"]
[BlackElo "2235"]
[PlyCount "50"]
[EventDate "2017.10.22"]
[EventType "team-tourn"]
[EventCountry "GER"]
[WhiteTeam "Halle USV"]
[BlackTeam "Plauen SK Koenig"]
[WhiteTeamCountry "GER"]
[BlackTeamCountry "GER"]

1. e4 d6 2. d4 Nf6 3. Nc3 Nbd7 4. Nf3 e5 5. Bc4 Be7 6. O-O O-O 7. a4 c6 8. Qe2
b6 9. Rd1 Qc7 10. d5 Bb7 11. Bg5 Rac8 12. dxc6 Bxc6 13. Ba6 Rcd8 14. Qc4 Nc5
15. Bxf6 Bxf6 16. Bb5 Bb7 17. Nd5 Qc8 18. Qe2 Qg4 19. Nd2 Qg6 20. Nxf6+ gxf6
21. Ra3 Kh8 22. Rg3 Qh6 23. Rh3 Qg6 24. Rg3 Qh6 25. Rh3 Qg6 1/2-1/2

[Event "Oberliga Ost A 2017 2018"]
[Site "Germany"]
[Date "2017.12.10"]
[Round "4.4"]
[White "Hoerr, Matthias"]
[Black "Reipsch, Jens"]
[Result "1-0"]
[WhiteElo "2196"]
[BlackElo "2242"]
[PlyCount "95"]
[EventDate "2017.10.22"]
[EventType "team-tourn"]
[EventCountry "GER"]
[WhiteTeam "Plauen SK Koenig"]
[BlackTeam "Halle USV"]
[WhiteTeamCountry "GER"]
[BlackTeamCountry "GER"]

1. Nf3 d5 2. c4 e6 3. b3 Nf6 4. g3 c5 5. Bg2 Nc6 6. e3 Be7 7. O-O O-O 8. Bb2
Qc7 9. Qe2 Rd8 10. Nc3 b6 11. Rfd1 Ba6 12. Nb5 Qd7 13. Rac1 Rac8 14. d4 cxd4
15. Nfxd4 Nxd4 16. Bxd4 Bxb5 17. cxb5 Rxc1 18. Rxc1 Rc8 19. Rxc8+ Qxc8 20. Qb2
Ne8 21. e4 dxe4 22. Bxe4 Bf6 23. Bc6 Qd8 24. Be5 Bxe5 25. Qxe5 Qd6 26. Qe4 Nc7
27. Qa4 Qd1+ 28. Kg2 Nd5 29. h4 h5 30. Qxa7 Nf4+ 31. gxf4 Qg4+ 32. Kf1 Qd1+ 33.
Kg2 Qg4+ 34. Kh1 Qxh4+ 35. Kg1 Qg4+ 36. Bg2 Qd1+ 37. Kh2 Qd2 38. Qa8+ Kh7 39.
Qe4+ g6 40. Qe3 Qxa2 41. Qxb6 Qxb3 42. Qb7 Kg7 43. Qb8 Qc2 44. Qe5+ Kh7 45. Qe3
Qb2 46. b6 Qb4 47. b7 f6 48. Qc1 1-0

[Event "Oberliga Ost A 2017 2018"]
[Site "Germany"]
[Date "2017.12.10"]
[Round "4.5"]
[White "Hartge, Gedeon"]
[Black "Pfretzschner, Roland"]
[Result "1/2-1/2"]
[WhiteElo "2144"]
[BlackElo "2211"]
[PlyCount "55"]
[EventDate "2017.10.22"]
[EventType "team-tourn"]
[EventCountry "GER"]
[WhiteTeam "Halle USV"]
[BlackTeam "Plauen SK Koenig"]
[WhiteTeamCountry "GER"]
[BlackTeamCountry "GER"]

1. d4 Nf6 2. c4 e6 3. Nc3 Bb4 4. e3 b6 5. Nge2 c5 6. a3 Ba5 7. g3 Bb7 8. d5 b5
9. Bg2 bxc4 10. O-O O-O 11. e4 exd5 12. e5 Ng4 13. Bxd5 Bxd5 14. Qxd5 Nc6 15.
f4 Ne7 16. Qxc4 d5 17. exd6 Qxd6 18. h3 Nf6 19. Be3 Rac8 20. Rad1 Qc6 21. g4
Bb6 22. f5 Nd7 23. Bf4 Bc7 24. Qb5 Bxf4 25. Nxf4 Rfd8 26. Nfd5 Re8 27. Rfe1 Kf8
28. Nxe7 1/2-1/2

[Event "Oberliga Ost A 2017 2018"]
[Site "Germany"]
[Date "2017.12.10"]
[Round "4.6"]
[White "Zaehringer, Daniel"]
[Black "Schulte, Felix"]
[Result "1/2-1/2"]
[WhiteElo "2015"]
[BlackElo "1967"]
[PlyCount "96"]
[EventDate "2017.10.22"]
[EventType "team-tourn"]
[EventCountry "GER"]
[WhiteTeam "Plauen SK Koenig"]
[BlackTeam "Halle USV"]
[WhiteTeamCountry "GER"]
[BlackTeamCountry "GER"]

1. d4 Nf6 2. c4 e6 3. Nc3 Bb4 4. Qc2 d5 5. cxd5 exd5 6. Bg5 Nbd7 7. e3 c5 8.
dxc5 Qa5 9. Bxf6 Nxf6 10. Bd3 Bd7 11. Nge2 O-O 12. O-O Bxc5 13. Rfd1 Rfe8 14.
Nxd5 Ng4 15. Nec3 h5 16. a3 Bf8 17. Bh7+ Kh8 18. Bf5 Be6 19. Bxe6 Rxe6 20. Qf5
Nf6 21. b4 Qd8 22. Nxf6 Qxf6 23. Qxh5+ Kg8 24. Ne2 Rd8 25. Nd4 Red6 26. Rac1
Rd5 27. Qe2 Qd6 28. Re1 a5 29. bxa5 Rxa5 30. Rb1 Rd7 31. Qf3 Qa6 32. Rec1 Rxa3
33. g3 Rxd4 34. Rxb7 Qe6 35. Qxf7+ Qxf7 36. Rxf7 Kxf7 37. exd4 Rd3 38. Rc4 Ke6
39. Kg2 Be7 40. Ra4 Bf6 41. h4 Rd2 42. Ra3 Kd5 43. Ra5+ Ke4 44. Ra3 Bxd4 45.
Rf3 Bf6 46. Rb3 Bd4 47. Rf3 Rb2 48. Rf4+ Ke5 1/2-1/2

[Event "Oberliga Ost A 2017 2018"]
[Site "Germany"]
[Date "2017.12.10"]
[Round "4.7"]
[White "Hentzgen, Thomas"]
[Black "Burian, Simon"]
[Result "0-1"]
[WhiteElo "2037"]
[BlackElo "1958"]
[PlyCount "70"]
[EventDate "2017.10.22"]
[EventType "team-tourn"]
[EventCountry "GER"]
[WhiteTeam "Halle USV"]
[BlackTeam "Plauen SK Koenig"]
[WhiteTeamCountry "GER"]
[BlackTeamCountry "GER"]

1. e4 c5 2. Nc3 a6 3. g3 e6 4. Bg2 Nc6 5. d3 b5 6. Nh3 Bb7 7. O-O g6 8. f4 Bg7
9. f5 Nd4 10. Bg5 f6 11. Be3 e5 12. fxg6 hxg6 13. Qg4 Ne7 14. Rac1 d6 15. Nf2
Qd7 16. Bh3 Qxg4 17. Bxg4 f5 18. Bd1 Kd7 19. Kg2 Raf8 20. Bg5 Bh6 21. Bxh6 Rxh6
22. a3 Ne6 23. Kg1 Rfh8 24. h3 Ng5 25. h4 Ne6 26. Bf3 Nd4 27. Bd1 Rg8 28. Nh3
Ne6 29. exf5 gxf5 30. Kf2 f4 31. Ne4 Bxe4 32. dxe4 Rxg3 33. Ng5 Nxg5 34. hxg5
Rh2+ 35. Ke1 Re3+ 0-1

[Event "Oberliga Ost A 2017 2018"]
[Site "Germany"]
[Date "2017.12.10"]
[Round "4.8"]
[White "Linnert, Niklas"]
[Black "Hartwig, Maik"]
[Result "1-0"]
[WhiteElo "1979"]
[BlackElo "2101"]
[PlyCount "83"]
[EventDate "2017.10.22"]
[EventType "team-tourn"]
[EventCountry "GER"]
[WhiteTeam "Plauen SK Koenig"]
[BlackTeam "Halle USV"]
[WhiteTeamCountry "GER"]
[BlackTeamCountry "GER"]

1. e4 g6 2. d4 Bg7 3. Nc3 d6 4. Be3 Nf6 5. Be2 c6 6. f4 Qb6 7. Qd2 Ng4 8. Bxg4
Bxg4 9. Nge2 Nd7 10. O-O Bxe2 11. Nxe2 Nf6 12. e5 Ng4 13. h3 Nxe3 14. Qxe3
O-O-O 15. c3 dxe5 16. fxe5 f6 17. exf6 exf6 18. Qe6+ Kb8 19. Nf4 Rhe8 20. Qg4
Re4 21. Rae1 Rde8 22. Rxe4 Rxe4 23. Qf3 f5 24. Nd3 Bh6 25. Nc5 Re7 26. Qg3+ Qc7
27. Qxc7+ Kxc7 28. Kf2 Kd6 29. Re1 Rxe1 30. Kxe1 b6 31. Nd3 a5 32. Ke2 Kd5 33.
Ne5 Bg7 34. Nd7 b5 35. Kd3 g5 36. b3 g4 37. hxg4 fxg4 38. Nc5 h5 39. c4+ bxc4+
40. bxc4+ Kd6 41. g3 Kc7 42. Ne6+ 1-0

[Event "Oberliga Ost A 2017 2018"]
[Site "Germany"]
[Date "2017.12.10"]
[Round "4.1"]
[White "Niegsch, Nicolas"]
[Black "Hoffmann, Hendrik"]
[Result "1/2-1/2"]
[WhiteElo "2232"]
[BlackElo "2298"]
[PlyCount "43"]
[EventDate "2017.10.22"]
[EventType "team-tourn"]
[EventCountry "GER"]
[WhiteTeam "Loeberitz SG"]
[BlackTeam "Leipzig SG"]
[WhiteTeamCountry "GER"]
[BlackTeamCountry "GER"]

1. e4 c6 2. d4 g6 3. Nc3 Bg7 4. Bc4 d5 5. exd5 b5 6. Bb3 b4 7. Na4 cxd5 8. Nc5
Nf6 9. Ba4+ Nbd7 10. Bf4 Nh5 11. Bg5 O-O 12. Bxd7 Bxd7 13. Qd2 a5 14. Nf3 Nf6
15. Ne5 Ne4 16. Nxe4 dxe4 17. Bh6 Bxh6 18. Qxh6 f6 19. Nxg6 hxg6 20. Qxg6+ Kh8
21. Qh6+ Kg8 22. Qg6+ 1/2-1/2

[Event "Oberliga Ost A 2017 2018"]
[Site "Germany"]
[Date "2017.12.10"]
[Round "4.2"]
[White "Boehnisch, Manfred"]
[Black "Stein, Robert"]
[Result "1/2-1/2"]
[WhiteElo "2297"]
[BlackElo "2253"]
[PlyCount "45"]
[EventDate "2017.10.22"]
[EventType "team-tourn"]
[EventCountry "GER"]
[WhiteTeam "Leipzig SG"]
[BlackTeam "Loeberitz SG"]
[WhiteTeamCountry "GER"]
[BlackTeamCountry "GER"]

1. e4 e6 2. Nf3 d5 3. exd5 exd5 4. d4 Nc6 5. Bd3 Bd6 6. O-O Nge7 7. c3 Bg4 8.
Nbd2 Qd7 9. Qc2 f6 10. b4 O-O-O 11. b5 Na5 12. Qa4 b6 13. Ba3 Kb8 14. Bxd6 Qxd6
15. Qb4 Bf5 16. Rfe1 Bxd3 17. Rxe7 Rhg8 18. Re3 Bf5 19. Nh4 Bc8 20. Qb1 Qd7 21.
Qd3 g5 22. Nhf3 Qf5 23. Ne1 1/2-1/2

[Event "Oberliga Ost A 2017 2018"]
[Site "Germany"]
[Date "2017.12.10"]
[Round "4.3"]
[White "Pallas, Sebastian"]
[Black "Roesemann, Rainer"]
[Result "1-0"]
[WhiteElo "2230"]
[BlackElo "2208"]
[PlyCount "119"]
[EventDate "2017.10.22"]
[EventType "team-tourn"]
[EventCountry "GER"]
[WhiteTeam "Loeberitz SG"]
[BlackTeam "Leipzig SG"]
[WhiteTeamCountry "GER"]
[BlackTeamCountry "GER"]

1. e4 c6 2. d4 d5 3. Nc3 dxe4 4. Nxe4 Nf6 5. Nxf6+ exf6 6. c3 Bd6 7. Bd3 O-O 8.
Qc2 h6 9. Ne2 Re8 10. O-O Qc7 11. Ng3 Be6 12. f4 c5 13. dxc5 Bxc5+ 14. Kh1 Nc6
15. Ne4 Bf8 16. Be3 Rad8 17. Ng3 Bd5 18. Rae1 Bxa2 19. b4 Bd5 20. Qb1 b6 21.
Bb5 Qb7 22. c4 Bxg2+ 23. Kxg2 Bxb4 24. Kg1 Bxe1 25. Rxe1 a6 26. Ba4 Re6 27. c5
b5 28. Bb3 Ree8 29. Nf5 Ne7 30. Nd6 Rxd6 31. cxd6 Nc8 32. Bc5 Rd8 33. Qg6 Qc6
34. Qxf7+ Kh7 35. Qc7 Qd7 36. Qxd7 Rxd7 37. Be6 Rxd6 38. Bxd6 Nxd6 39. Rd1 Nb7
40. Bc8 Nc5 41. Rd5 Na4 42. Bxa6 Nc3 43. Rd2 Kg6 44. Kg2 f5 45. Kf3 Kf6 46.
Rd6+ Ke7 47. Rb6 g5 48. fxg5 hxg5 49. h3 b4 50. Rxb4 Kf6 51. Bc8 Nd5 52. Rb5
Ne7 53. Bd7 Kg6 54. Rb6+ Kg7 55. Rd6 Kf7 56. Ke3 Kg7 57. Kd4 Kf7 58. Ke5 f4 59.
Rf6+ Kg7 60. Be8 1-0

[Event "Oberliga Ost A 2017 2018"]
[Site "Germany"]
[Date "2017.12.10"]
[Round "4.5"]
[White "Schuetze, Norman"]
[Black "Schultz, Andreas"]
[Result "1/2-1/2"]
[WhiteElo "2282"]
[BlackElo "2215"]
[PlyCount "71"]
[EventDate "2017.10.22"]
[EventType "team-tourn"]
[EventCountry "GER"]
[WhiteTeam "Loeberitz SG"]
[BlackTeam "Leipzig SG"]
[WhiteTeamCountry "GER"]
[BlackTeamCountry "GER"]

1. e4 e6 2. Qe2 d5 3. exd5 Qxd5 4. Nc3 Qa5 5. Nf3 Nf6 6. g3 Be7 7. Bg2 O-O 8.
Ne5 Nbd7 9. Nc4 Qa6 10. d3 Rb8 11. Bf4 b5 12. Ne5 Bb7 13. O-O Bxg2 14. Kxg2 Bd6
15. d4 Qb7+ 16. Qf3 Bxe5 17. Bxe5 b4 18. Qxb7 Rxb7 19. Na4 Nd5 20. Rfe1 N5b6
21. Nc5 Nxc5 22. dxc5 Nd5 23. Bd4 c6 24. a3 b3 25. c4 Ne7 26. Bc3 Rd8 27. g4
Rd3 28. Red1 Rbd7 29. Rxd3 Rxd3 30. a4 Ng6 31. Kf1 Nf4 32. Be5 Ng6 33. Bc3 Nf4
34. Be5 Ng6 35. Bc3 Nf4 36. Be5 1/2-1/2

[Event "Oberliga Ost A 2017 2018"]
[Site "Germany"]
[Date "2017.12.10"]
[Round "4.6"]
[White "Braun, Gottfried"]
[Black "Schuster, Martin"]
[Result "1/2-1/2"]
[WhiteElo "2220"]
[BlackElo "2205"]
[PlyCount "82"]
[EventDate "2017.10.22"]
[EventType "team-tourn"]
[EventCountry "GER"]
[WhiteTeam "Leipzig SG"]
[BlackTeam "Loeberitz SG"]
[WhiteTeamCountry "GER"]
[BlackTeamCountry "GER"]

1. e4 c6 2. d4 d5 3. exd5 cxd5 4. Bf4 Nc6 5. c3 Nf6 6. Nd2 g6 7. Be2 Bg7 8. h3
O-O 9. Ngf3 Re8 10. O-O a6 11. Re1 h6 12. Ne5 Nxe5 13. Bxe5 Nd7 14. Bxg7 Kxg7
15. Nf3 Qc7 16. Bd3 Rb8 17. Qd2 b5 18. Re2 a5 19. Rae1 e6 20. h4 h5 21. Qg5 Nf8
22. Qe5+ Qxe5 23. dxe5 Bd7 24. Nd4 Rec8 25. Rc2 b4 26. c4 dxc4 27. Rxc4 Rxc4
28. Bxc4 Rc8 29. b3 Rc5 30. f4 Bc8 31. Rd1 Bb7 32. Nb5 Bc6 33. Nd6 Nd7 34. Nc8
Bd5 35. Bxd5 exd5 36. Nd6 Kf8 37. Rd2 Ke7 38. Nb7 Rb5 39. Nd6 Rc5 40. Nb7 Rb5
41. Nd6 Rc5 1/2-1/2

[Event "Oberliga Ost A 2017 2018"]
[Site "Germany"]
[Date "2017.12.10"]
[Round "4.7"]
[White "Schindler, Christian"]
[Black "Gempe, Thomas"]
[Result "1/2-1/2"]
[WhiteElo "2219"]
[BlackElo "2196"]
[PlyCount "36"]
[EventDate "2017.10.22"]
[EventType "team-tourn"]
[EventCountry "GER"]
[WhiteTeam "Loeberitz SG"]
[BlackTeam "Leipzig SG"]
[WhiteTeamCountry "GER"]
[BlackTeamCountry "GER"]

1. d4 Nf6 2. Nf3 g6 3. b3 Bg7 4. c4 O-O 5. Bb2 d6 6. e3 Nbd7 7. Be2 e5 8. O-O
Re8 9. Nc3 e4 10. Nd2 Nf8 11. b4 h5 12. d5 N8h7 13. Qc2 Bf5 14. Nb5 Ng5 15. Nd4
Bg4 16. Bxg4 Nxg4 17. Ne2 Be5 18. Bxe5 Rxe5 1/2-1/2

[Event "Oberliga Ost A 2017 2018"]
[Site "Germany"]
[Date "2017.12.10"]
[Round "4.8"]
[White "Schoeneberg, Manfred"]
[Black "Otikova, Elina"]
[Result "1/2-1/2"]
[WhiteElo "2203"]
[BlackElo "2054"]
[PlyCount "165"]
[EventDate "2017.10.22"]
[EventType "team-tourn"]
[EventCountry "GER"]
[WhiteTeam "Leipzig SG"]
[BlackTeam "Loeberitz SG"]
[WhiteTeamCountry "GER"]
[BlackTeamCountry "GER"]

1. e4 e5 2. Nc3 Nf6 3. g3 c6 4. d4 Bb4 5. Bg2 d6 6. dxe5 dxe5 7. Qxd8+ Kxd8 8.
Nge2 Be6 9. a3 Bc5 10. h3 Kc7 11. Na4 Bd6 12. Be3 Nbd7 13. O-O b5 14. Nac3 a5
15. Rfd1 Bc5 16. Bxc5 Nxc5 17. b4 Nb7 18. f4 Nd7 19. Nd5+ cxd5 20. exd5 Bf5 21.
g4 Bg6 22. d6+ Nxd6 23. Bxa8 Rxa8 24. f5 Nxf5 25. gxf5 Bxf5 26. Nc3 Kc6 27. a4
bxa4 28. Rxa4 Bxc2 29. b5+ Kb6 30. Rd6+ Kc7 31. Rc6+ Kd8 32. Ra2 Bb3 33. Ra3 a4
34. Ra6 Rb8 35. Nxa4 Bxa4 36. R6xa4 Rxb5 37. Rd3 Rb7 38. Ra8+ Ke7 39. Rh8 Nf6
40. Ra3 Rb2 41. Ra7+ Nd7 42. Rxh7 g6 43. h4 Ke6 44. h5 gxh5 45. Rxh5 f6 46. Rh7
Rd2 47. Rc7 e4 48. Rc6+ Ke5 49. Rc7 Ke6 50. Rc6+ Kf5 51. Rf7 Kg5 52. Kf1 f5 53.
Ke1 Rd3 54. Re7 Kf4 55. Ke2 Rd5 56. Rh6 Ne5 57. Rh4+ Kg5 58. Reh7 Ng4 59. Rh1
Ra5 60. Rg7+ Kf6 61. Rhh7 Ra2+ 62. Ke1 Ke5 63. Ra7 Rxa7 64. Rxa7 f4 65. Ra5+
Kf6 66. Ra6+ Kf5 67. Ra5+ Ne5 68. Ke2 Ke6 69. Rb5 Kd6 70. Ra5 Nc6 71. Ra4 Kd5
72. Kf2 Ne5 73. Ke2 Nc4 74. Ra8 Nb6 75. Rb8 Kc5 76. Rf8 Nd5 77. Ra8 Kd4 78.
Ra4+ Ke5 79. Ra8 f3+ 80. Kf2 Kd4 81. Rf8 Ke5 82. Rxf3 exf3 83. Kxf3 1/2-1/2

[Event "Oberliga Ost A 2017 2018"]
[Site "Germany"]
[Date "2018.01.21"]
[Round "5.1"]
[White "Pietsch, Michael"]
[Black "Eichner, Sebastian"]
[Result "0-1"]
[WhiteElo "2206"]
[BlackElo "2364"]
[PlyCount "62"]
[EventDate "2017.10.22"]
[EventType "team-tourn"]
[EventCountry "GER"]
[WhiteTeam "Coswig TuS"]
[BlackTeam "Aue ESV Nickelhuette II"]
[WhiteTeamCountry "GER"]
[BlackTeamCountry "GER"]

1. c4 Nf6 2. g3 d5 3. cxd5 Nxd5 4. Bg2 e5 5. Nc3 Nb6 6. Nf3 Nc6 7. O-O Be7 8.
a3 a5 9. d3 Be6 10. Be3 Nd5 11. Nxd5 Bxd5 12. Rc1 O-O 13. Nd2 Bxg2 14. Kxg2 Re8
15. Qb3 Nd4 16. Bxd4 exd4 17. Rc2 b6 18. Qb5 c5 19. Nc4 Rb8 20. b4 cxb4 21.
axb4 Bxb4 22. Rfc1 Qf6 23. Nb2 h6 24. Rc6 Qe5 25. Qxe5 Rxe5 26. Nc4 Rxe2 27.
Nxb6 Rd2 28. Nc4 Rxd3 29. Ra1 Rc3 30. Ne5 Rb5 31. Rxc3 Bxc3 0-1